How to invest When Prices Are Rising (Record no. 555840)

MARC details
000 -LEADER
fixed length control field 00481nam a2200181Ia 4500
008 - FIXED-LENGTH DATA ELEMENTS--GENERAL INFORMATION
fixed length control field 240825s9999 xx 000 0 und d
020 ## - INTERNATIONAL STANDARD BOOK NUMBER
ISBN 9789391270407
Paper back/Hardbound pbk
041 ## - LANGUAGE CODE
Language code of text/sound track or separate title eng
082 ## - DEWEY DECIMAL CLASSIFICATION NUMBER
Classification number 332.6322
Item number FIS
100 ## - MAIN ENTRY--AUTHOR NAME
Personal name Fisher, Irving
245 #0 - TITLE STATEMENT
Title How to invest When Prices Are Rising
Statement of responsibility, etc /Irving Fisher;
250 ## - EDITION STATEMENT
Edition statement 1st edition.
260 ## - PUBLICATION, DISTRIBUTION, ETC. (IMPRINT)
Name of publisher Maven,
Year of publication 2022.
Place of publication Chennai:
300 ## - PHYSICAL DESCRIPTION
Number of Pages 152 pages. :
Dimensions 25cm.
650 ## - SUBJECT ADDED ENTRY--TOPICAL TERM
Topical Term Economics
942 ## - ADDED ENTRY ELEMENTS (KOHA)
Koha item type English Books
Holdings
Withdrawn status Lost status Damaged status Not for loan Home library Current library Shelving location Date acquired Cost, normal purchase price Full call number Accession Number Price effective from Koha item type
        Anna Centenary Library Anna Centenary Library 4TH FLOOR, A WING 25.08.2024 495.00 332.6322 FIS 676066 25.08.2024 English Books
        Anna Centenary Library Anna Centenary Library 4TH FLOOR, A WING 25.08.2024 495.00 332.6322 FIS 676067 25.08.2024 English Books

Find us on the map